000
00221nam a2200097Ia 4500
008
240331s9999 xx 000 0 und d
082
_a
303
_b
TOW
100
_a
Logo. ed
245
0
_a
Towards Liberation in Pakistan
942
_c
L
999
_c
1209
_d
1209